| 000 | 01064cam a2200277 4500 | ||
|---|---|---|---|
| 001 | 20092 | ||
| 005 | 20230410102006.0 | ||
| 008 | 060907s2004 dr spa | ||
| 020 | _a9993499625 | ||
| 035 | _9funglode20244 | ||
| 041 | _aspa | ||
| 050 | 1 | 4 |
_a118 GE 160 _bM938d 2004 |
| 082 | 0 | 0 | _a333.7097293 |
| 100 | 1 |
_aMoya Pons, Frank, _d1944- |
|
| 245 | 1 | 0 |
_aDoctrina y políticas de medio ambiente y recursos naturales / _cFrank Moya Pons |
| 246 | 3 | 0 | _aMedio ambiente y recursos naturales |
| 260 |
_aSanto Domingo : _bSecretaría de Estado de Medio Ambiente y Recursos Naturales, _c2004 |
||
| 300 |
_a664 p. ; _c23 cm. |
||
| 650 | 0 |
_aEnvironmental policy _zDominican Republic. |
|
| 650 | 0 |
_aEnvironmental protection _zDominican Republic. |
|
| 650 | 0 |
_aSustainable development _zDominican Republic. |
|
| 650 | 4 |
_aPolítica ambiental _zRepública Dominicana |
|
| 650 | 4 |
_aConservación de los recursos naturales _zRepública Dominicana |
|
| 710 | 1 |
_aDominican Republic. _bSecretaría de Estado de Medio Ambiente y Recursos Naturales. |
|
| 942 |
_2lcc _cbk |
||
| 999 |
_c17043 _d17043 |
||